Normal view
MARC view
- Hollembeak, Barry
Entry Personal Name
001 - CONTROL NUMBER
- control field: 83909
003 - CONTROL NUMBER IDENTIFIER
- control field: NUST
005 - DATE AND TIME OF LATEST TRANSACTION
- control field: 20211111121615.0
008 - FIXED-LENGTH DATA ELEMENTS
- fixed length control field: 211111|| aca||aabn | a|a d
040 ## - CATALOGING SOURCE
- Original cataloging agency: NUST
- Transcribing agency: NUST
100 ## - HEADING--PERSONAL NAME
- Personal name: Hollembeak, Barry
670 ## - SOURCE DATA FOUND
- Source citation: Work cat.: (NUST)34103: Hollembeak, Barry., Advanced Automotive Electronic Systems /, c2011.
